000 00463nam a2200193Ia 4500
003 OSt
005 20251010101753.0
008 250729s2005 xx 000 0 und d
020 _a978-8171694549
040 _cAL
041 _aeng
082 _a380.3 PANT
100 _aPandey S K
_9222899
245 _aTeaching communication
260 _aNew Delhi
_bCommonwealth Publishers
_c2005
300 _a358p
650 _aEducation
_9222900
942 _2ddc
_cBED
999 _c235659
_d235659